000 00423nam a22001457a 4500
005 20250829130923.0
008 250829b |||||||| |||| 00| 0 eng d
020 _a9780851118994
050 _aBP 172
_b.M723 MOU
100 _aMOUCARRY, CHAWKAT
245 _aFAITH TO FAITH
_bChristianity and Islam in dialogue
_cCHAWKAT MOUCARRY
260 _aNOTTINGHAM
_bINTER-VARSITY PRESS
_cc2001
300 _a327p.;
942 _2lcc
_cBK
_n0
999 _c7403
_d7403